00981 2200229 4500001002100000005001500021035002000036001002100056005001500077035002000092245006900112100001500181250001700196300002900213260003700242082001000279084001700289020002200306650001900328520039200347600001200739INLIS00000000000087820250120101050 a0010-0125000051INLIS00000000000014620240509084802 a0010-05240000681 aSuperkidz Science Story :bKeajaiban Tubuh Manusia /cLish Adnan0 aLish Adnan aCetakan ke-1 a136 hlm :bIlus ;c24 cm aSurakarta :bVisi Mandiri,c2017 a611.8 a611.8 LIS s a978-602-502-533-4 4aNabi dan Rasul aSUPERKIDZ SCIENCE STORY KEAJAIBAN TUBUH MANUSIA SILIPIN SEPCA U Adik-Adik, di sekitar kita ternyata banyak kejadian yang berhubungan dengan sains. Kira-kira apa saja kejadian-kejadian itu? Buku ini mengungkap berbagai kejadian menakjubkan yang dapat ditemukan dalam kehidupan sehari-hari. Sambil membaca cerita serunya, kalian juga bisa belajar fakta sainsnya. 4amanusia